Carpeta Diputació de Barcelona
Descripción Física:
1 carpeta : 31 cm
Idioma:
Catalán
MARC
| LEADER | 00000nam a2200000 a 4500 | ||
|---|---|---|---|
| 001 | 26321 | ||
| 008 | 220725b spa||||| |||| 00| 0 cat d | ||
| 080 | |a NBM-14-65 | ||
| 245 | 0 | 0 | |a Carpeta Diputació de Barcelona |h [objecte] |
| 260 | |a Barcelona : |b Diputació de Barcelona, |c 2014 | ||
| 300 | |a 1 carpeta : |c 31 cm | ||
| 500 | |a Conté logotip de la Mancomunitat de Catalunya, 1914-2014 | ||
| 500 | |a Títol facilitat pel catalogador | ||
| 710 | 1 | |a Barcelona (Catalunya : Província). |b Diputació |9 52408 | |
| 942 | |2 udc |c ARXIU |n 1 | ||
| 952 | |0 0 |1 0 |4 0 |6 NBM1465 |7 1 |9 63080 |a Arxiu |b Arxiu |d 2022-07-25 |l 0 |o NBM-14-65 |p 26321 |r 2022-07-25 00:00:00 |w 2022-07-25 |y ARXIU | ||
| 999 | |c 82421 |d 82421 | ||